Statistics for Caribbean Countries & Territories

Click here to take the quiz!

General Stats

  • This quiz has been taken 58 times
    (42 since last reset)
  • The average score is 25 of 33

Answer Stats

Territories% Correct
Cuba
100%
Antigua and Barbuda
93%
Bahamas
93%
Barbados
93%
Dominica
93%
Dominican Republic
93%
Haiti
93%
Jamaica
93%
Saint Kitts and Nevis
93%
Saint Lucia
93%
Trinidad and Tobago
93%
Grenada
89%
Saint Vincent and the
Grenadines
89%
Puerto Rico
82%
US Virgin Islands
82%
Aruba
79%
Curaçao
79%
Anguilla
75%
British Virgin Islands
75%
Guadeloupe
75%
Martinique
75%
Cayman Islands
71%
Saint Martin
71%
Montserrat
68%
Turks and Caicos Islands
68%
Sint Maarten
64%
Bermuda
57%
Bonaire
57%
Saint Barthélemy
54%
Sint Eustatius
50%
Greenland
46%
Saba
46%
Saint Pierre and Miquelon
43%

Score Distribution

Percentile by Number Answered

Percent of People with Each Score

Your Score History

You have not taken this quiz since the last reset